000
00202 a2200097 4500
001
29815
100
_a
Barron
245
_a
Computer operating systems
260
_a
_b
Chapman
_c
090
_c
19831
_d
19831
942
_a
NUST-CAE
_c
M
_c
10926
999
_c
264888
_d
264888